|
|
|
|
| LEADER |
00000nam0a2200000 4500 |
| 001 |
320572 |
| 005 |
20231102003307.0 |
| 010 |
|
|
|a 9785991686884
|
| 010 |
|
|
|a 978-5-400-01263-1
|
| 035 |
|
|
|a (RuTPU)RU\TPU\book\346103
|
| 090 |
|
|
|a 320572
|
| 100 |
|
|
|a 20160712d2016 m y0rusy50 ca
|
| 101 |
0 |
|
|a rus
|
| 102 |
|
|
|a RU
|
| 105 |
|
|
|a y j 001zy
|
| 200 |
1 |
|
|a Управление земельными ресурсами
|e учебник и практикум для академического бакалавриата
|f Е. Ф. Гладун
|g Тюменский государственный университет (ТюмГУ)
|
| 205 |
|
|
|a 2-е изд., испр. и доп.
|
| 210 |
|
|
|a Москва
|c Юрайт
|d 2016
|
| 215 |
|
|
|a 159 с.
|
| 225 |
1 |
|
|a Бакалавр. Академический курс
|
| 320 |
|
|
|a Библиогр.: с. 156-159
|
| 330 |
|
|
|a В учебнике и практикуме раскрываются основные элементы правовой системы России в области земельных ресурсов, место и роль земельных правоотношений в отношениях общества и государства; нормативная правовая база для принятия решений в сфере земельных отношений, а также вопросы оценки земли и контроля за соблюдением земельного законодательства. Учебник включает в себя авторский курс лекций, материалы для самостоятельного изучения дисциплины, задания для контроля знаний, глоссарий, список литературы. Соответствует актуальным требованиям Федерального государственного образовательного стандарта высшего образования, а также современным научным достижениям. Педназначено для студентов, обучающихся по юридическим направлениям.
|
| 606 |
1 |
|
|a Земельное право
|2 stltpush
|3 (RuTPU)RU\TPU\subj\68126
|9 83644
|
| 610 |
1 |
|
|a земельные ресурсы
|
| 610 |
1 |
|
|a управление
|
| 610 |
1 |
|
|a правовые вопросы
|
| 610 |
1 |
|
|a источники
|
| 610 |
1 |
|
|a субъекты
|
| 610 |
1 |
|
|a собственность
|
| 610 |
1 |
|
|a государственное управление
|
| 610 |
1 |
|
|a муниципальное управление
|
| 610 |
1 |
|
|a земельные участки
|
| 610 |
1 |
|
|a предоставление
|
| 610 |
1 |
|
|a земельное законодательство
|
| 610 |
1 |
|
|a юридическая ответственность
|
| 610 |
1 |
|
|a сделки
|
| 610 |
1 |
|
|a плата
|
| 610 |
1 |
|
|a оценка
|
| 610 |
1 |
|
|a практикумы
|
| 610 |
1 |
|
|a учебники
|
| 686 |
|
|
|a Х625я73
|v LBC/SL-A
|2 rubbk
|
| 700 |
|
1 |
|a Гладун
|b Е. Ф.
|g Елена Федоровна
|
| 712 |
0 |
2 |
|a Тюменский государственный университет (ТюмГУ)
|2 stltpush
|3 (RuTPU)RU\TPU\col\4661
|
| 801 |
|
1 |
|a RU
|b 63413507
|c 20160712
|
| 801 |
|
2 |
|a RU
|b 63413507
|c 20211011
|g RCR
|
| 900 |
|
|
|a Управление земельными ресурсами
|
| 900 |
|
|
|a Управление земельными ресурсами и иными объектами недвижимости
|
| 942 |
|
|
|c BK
|
| 951 |
|
|
|l 8.1
|
| 959 |
|
|
|a 38/20160428
|d 3
|e 319,00
|f ЧЗТЛ:1
|f УФ:2
|